[Event "1st Gujarat GM Open 2018"]
[Site "Ahmedabad"]
[Date "2018.10.08"]
[Round "5"]
[White "Utsab Chatterjee"]
[Black "Fenil, Shah"]
[Result "1-0"]
[WhiteElo "2149"]
[BlackElo "2411"]
[Annotator "NA RC"]
[PlyCount "45"]
[EventDate "2018.10.05"]
[EventType "swiss"]
[EventCountry "IND"]
[SourceTitle "playchess.com"]
[Source "ChessBase"]
[SourceQuality "1"]
[TimeControl "5400+30"]

{[%evp 19,43,0,14,0,0,-9,30,-15,-11,-16,-16,-15,-6,-11,-11,-43,-35,-39,-41,-49,-60,-89,19,-112,2,0]} 1. e4 {[%emt 0:00:00]} c5 {[%emt 0:00:00]} 2. Nf3 {[%emt 0:00:15]} e6 {[%emt 0:00:43]} 3. d4 {[%emt 0:00:25]} cxd4 {[%emt 0:00:06]} 4. Nxd4 {[%emt 0:00:19]} Nc6 {[%emt 0:00:04]} 5. Nxc6 {[%emt 0:00:30]} bxc6 {[%emt 0:00:26]} 6. Bd3 {[%emt 0:00:21]} Nf6 {[%emt 0:00:51]} 7. O-O {[%emt 0:00:15]} d6 {[%emt 0:03:40]} 8. Nc3 {[%emt 0:00:22]} Be7 {[%emt 0:00:45]} 9. f4 {[%emt 0:01:56]} O-O {[%emt 0:02:51]} 10. Kh1 {[%emt 0:00:40]} e5 {[%emt 0:03:19]} 11. Qe2 {[%emt 0:01:34] B80: Sicilian Scheveningen: 6 g3 and 6 Be3, including English Attack} (11. Bc4 Rb8 12. b3 Bg4 13. Qd3 d5 14. exd5 e4 15. Qg3 cxd5 16. Bxd5 Nxd5 17. Nxd5 Qxd5 18. Qxg4 Bf6 19. Rb1 {0-1 (47) Karthikeyan,M (2504)-Ivanisevic,I (2638) Dubai 2015}) 11... exf4 {[%emt 0:12:34]} 12. Bxf4 {[%emt 0:05:13]} Ng4 {[%emt 0:03:25]} 13. Bc4 {[%emt 0:03:15] White has an edge.} Bf6 {[%emt 0:02:54]} 14. h3 $146 {[%emt 0:07:25]} ({Predecessor:} 14. Rad1 Ne5 15. Bb3 Bg4 16. Bxe5 Bxe2 17. Bxf6 gxf6 18. Nxe2 Qe7 {½-½ (40) Ackermann,F (2086)-Kaufeld,J (2308) Oberhausen 2007}) 14... Ne5 {[%emt 0:00:33]} 15. Bb3 {[%emt 0:00:10]} a5 {[%emt 0:06:07] And now ...Ba6 would win.} 16. Qd2 {[%emt 0:04:34]} Qe7 {[%emt 0:03:17]} 17. a4 {[%emt 0:01:37]} Ba6 {[%emt 0:05:58]} 18. Rfe1 {[%emt 0:02:13]} Rfd8 {[%emt 0:02:26]} 19. Rad1 {[%emt 0:02:59]} Bh4 {[%emt 0:05:30]} 20. Rg1 {[%emt 0:00:00]} c5 {[%emt 0:00:00]} (20... h6 $17) 21. Rge1 {[%emt 0:01:00]} (21. Nb5 $11) 21... Bc4 {[%emt 0:00:00]} (21... Bxe1 $17 22. Qxe1 c4) 22. Rg1 {[%emt 0:00:00] Precision: White = 32%, Black = 49%.} Ba6 {[%emt 0:00:00]} 23. Rge1 {[%emt 0:01:00]} 1-0

[Event "1st Gujarat GM Open 2018"]
[Site "Ahmedabad"]
[Date "2018.10.08"]
[Round "5"]
[White "Kiran, Manisha Mohanty"]
[Black "Rakesh Kumar Jena"]
[Result "0-1"]
[WhiteElo "2147"]
[BlackElo "2388"]
[Annotator "TA"]
[PlyCount "106"]
[EventDate "2018.10.05"]
[EventType "swiss"]
[EventCountry "IND"]
[SourceTitle "playchess.com"]
[Source "ChessBase"]
[SourceQuality "1"]

{[%evp 17,106,16,25,22,33,33,68,12,23,-34,43,41,49,47,56,44,49,13,128,122,122,18,166,0,95,0,117,107,139,91,99,86,77,44,35,40,131,130,126,127,121,110,130,60,99,65,75,85,80,-237,-241,-312,-305,-294,-282,-274,-289,-272,-270,-240,-113,-153,-154,-314,-307,-424,-422,-404,-402,-418,-416,-381,-384,-771,-475,-937,-823,-1799,-1542,-1558,-1379,-12839,-12839,-12840,-12840,-12841,-12840,-12844,-12843,-12847,-1921]} 1. e4 d6 2. d4 g6 3. Nc3 Bg7 4. Be3 a6 5. Qd2 b5 {[%cal Bb7b5,Bb5b4][%mdl 32]} 6. Bd3 Bb7 7. a4 {B06: Modern Defence} b4 8. Nce2 a5 9. Ng3 Nd7 {LiveBook: 8 Games} 10. c3 $146 ({Predecessor:} 10. Nf3 h5 11. Ng5 Ngf6 12. h3 e5 13. dxe5 Nxe5 14. f4 Nxd3+ 15. cxd3 {1-0 (28) Eggleston,D (2358)-Berelowitsch,A (2581) Coulsdon 2009}) 10... bxc3 11. bxc3 h5 12. h3 (12. Bg5 $14) 12... Ngf6 $11 13. Qc2 (13. f3 $1 $11) 13... Nb6 ({Black should play} 13... Qc8 $15) 14. Nf3 $14 Nfd7 15. O-O O-O 16. Rfd1 e6 17. Qc1 f5 (17... Re8 $11 {remains equal.}) 18. Bg5 Bf6 19. Bh6 (19. h4 $16) 19... Bg7 (19... h4 $1 $11 20. Bxf8 hxg3 21. exf5 gxf2+ 22. Kxf2 Nxf8 23. fxg6 Bxf3 24. gxf3 Bg5) 20. Bg5 ({White should try} 20. Re1 $1 $18) 20... Bf6 $16 21. Bh6 (21. h4 $16) 21... Re8 (21... Bg7 $11) 22. Ng5 h4 23. Ne2 Qe7 24. Re1 Nf8 25. e5 dxe5 26. dxe5 Bg7 (26... Bxe5 $14 27. Bb5 Nfd7) 27. Bxg7 Kxg7 28. Nd4 Red8 29. Rb1 Bd5 {[#]} 30. Qf4 ({Better is} 30. Bb5 $1 $16) 30... Nh7 {[#]} 31. Nxh7 $1 Kxh7 {[%cal Bg7h7,Bh7h6,Bh6g5][%mdl 32]} 32. c4 {And now Rxb6 would win.} Bb7 33. Bxf5 $2 {[%mdl 8192]} (33. Red1 $16 {and life is bright.}) 33... gxf5 $40 {[%mdl 128] Black has strong attack.} 34. Nxf5 exf5 35. Qxf5+ Kh6 {Threatens to win with ...Rg8.} 36. Qf4+ Qg5 37. Qxg5+ Kxg5 38. c5 Ra6 (38... Nxa4 $19 {has better winning chances.} 39. Rxb7 Nxc5 40. Rxc7 Ne6) 39. cxb6 Rxb6 40. Rxb6 $2 (40. Rbc1 $17) 40... cxb6 $17 {[%mdl 4096] Endgame KRB-KR} 41. Rb1 Rd4 42. Rxb6 Rb4 43. Rd6 Rxa4 44. Rd7 Bc8 {( -> ...Ra1+)} 45. Ra7 $2 (45. Rd8 Rc4 46. Kf1) 45... Kf5 {Black is clearly winning.} 46. g3 (46. Rh7 $142 Ra1+ 47. Kh2) 46... hxg3 $19 47. fxg3 Ra1+ 48. Kf2 a4 {[%cal Ba5a4,Ba4a3,Ba3a2][%mdl 32]} 49. Ra5 a3 50. g4+ Kf4 51. Ra4+ Kxe5 52. Kg3 a2 53. Kh4 Be6 {Precision: White = 28%, Black = 49%.} (53... Bxg4 $142 54. Ra5+ Kf6 55. Rxa2 Rxa2 56. Kxg4 Ra4+ 57. Kf3 Kf5) 0-1

[Event "1st Gujarat GM Open 2018"]
[Site "Ahmedabad"]
[Date "2018.10.08"]
[Round "5"]
[White "Alan Diviya Raj"]
[Black "Sai Agni Jeevitesh, J."]
[Result "0-1"]
[WhiteElo "2127"]
[BlackElo "2362"]
[Annotator "TA"]
[PlyCount "84"]
[EventDate "2018.10.05"]
[EventType "swiss"]
[EventCountry "IND"]
[SourceTitle "playchess.com"]
[Source "ChessBase"]
[SourceQuality "1"]

{[%evp 9,84,49,49,49,60,52,62,0,26,22,24,20,25,10,18,0,20,0,0,-77,-66,-63,-68,-67,-60,-66,0,0,0,0,0,6,28,-32,-32,-37,37,34,63,53,41,37,63,55,85,87,80,69,90,28,78,11,16,0,0,0,60,48,92,55,198,0,114,0,176,179,200,160,173,0,252,252,256,-29993,-29994,-29994,-29995]} 1. e4 b6 2. d4 Bb7 3. Nc3 g6 4. Nf3 Bg7 5. Bc4 e6 6. O-O {B00: Queen's Fianchetto Defence, Nimzowitsch Defence} (6. h4 h6 7. Bf4 d6 8. a4 Ne7 9. Qd2 a6 10. O-O Nd7 11. Rfe1 Nf6 12. Bd3 Kf8 13. Ra3 {0-1 (44) Matta,V (2227)-Epishin,V (2571) Sitges 2016}) 6... Ne7 7. Re1 O-O 8. Qe2 $146 (8. d5 $14) ({Predecessor:} 8. d5 Na6 9. Bg5 h6 10. Bf4 Nc5 11. Qd2 Kh7 12. b4 Nxe4 13. Nxe4 exd5 14. Bxh6 Bxh6 {1-0 (51) Jimenez Molina,G (2339)-Coope,D (2041) ICCF email 2012}) 8... d5 9. exd5 Nxd5 10. Ne4 h6 11. c3 Nd7 12. Bd2 Qe7 13. Bb3 c5 14. c4 (14. Rad1 $11) 14... N5f6 $17 15. Nxf6+ Qxf6 16. Ne5 Rad8 17. Ba4 Nb8 (17... Nxe5 $15 18. dxe5 Qxe5 $1 {[%mdl 512]} 19. Qxe5 Bxe5 20. Bxh6 Bg7 21. Bxg7 Kxg7) 18. Bc3 $1 $11 Qg5 {[%csl Gb7][%cal Rg5g2]} 19. f3 cxd4 20. Bb4 h5 21. Bxf8 (21. Rad1 $11) 21... Bxf8 $15 22. a3 h4 (22... Bd6 $15) 23. Rad1 $14 Bc5 24. Qd2 Qxd2 25. Rxd2 a5 26. Rb1 Kg7 27. b4 axb4 28. axb4 Be7 29. c5 (29. Ra2 $16) 29... Bg5 30. Rdd1 (30. Rc2 $16) 30... Rd5 $11 31. Nd3 Be3+ 32. Kf1 Rf5 (32... Rg5 $11) 33. Nf2 $1 $14 (33. cxb6 $6 h3 $15) 33... Bd5 34. Bc2 Rf4 (34... Rg5 $14) 35. Nd3 $2 ({Resist} 35. cxb6 $6 Bxf3 36. gxf3 Rxf3 $14) (35. Be4 $1 $18) 35... Rf6 (35... Rf5 $1 $11 {keeps the balance.}) 36. Bb3 ({Stronger than} 36. cxb6 h3 $17) ({Only move:} 36. h3 $1 $16) 36... Bb7 $2 (36... Bc6 $11 {and Black is okay.}) 37. b5 $36 {[%mdl 2048] White is really pushing.} ({Worse is} 37. cxb6 h3 $15) 37... bxc5 38. Nxc5 Bc8 {[#]} 39. b6 $2 ({White should try} 39. Bc2 $1 $18) 39... e5 $2 {[%mdl 8192] [#]} (39... Rf5 $11 40. Rdc1 Bxc1 41. Rxc1 Bd7) 40. Bd5 $1 h3 {[%cal Bh4h3,Bh3g2][%mdl 32]} 41. Ne4 $4 {[%mdl 8192]} (41. b7 $18 Bf5 42. Ne4) 41... Ba6+ 42. Ke1 hxg2 {Precision: White = 43%, Black = 41%.} 0-1

[Event "1st Gujarat GM Open 2018"]
[Site "Ahmedabad"]
[Date "2018.10.08"]
[Round "5"]
[White "Prasannaa.s"]
[Black "Konguvel, Ponnuswamy"]
[Result "1-0"]
[WhiteElo "2124"]
[BlackElo "2325"]
[Annotator "RC"]
[PlyCount "109"]
[EventDate "2018.10.05"]
[EventType "swiss"]
[EventCountry "IND"]
[SourceTitle "playchess.com"]
[Source "ChessBase"]
[SourceQuality "1"]
[TimeControl "5400+30"]

1. Nf3 {[%emt 0:00:06]} g6 {[%emt 0:00:01]} 2. e4 {[%emt 0:01:39]} d6 {[%emt 0:00:31]} 3. d4 {[%emt 0:00:06]} Bg7 {[%emt 0:00:06]} 4. Be2 {[%emt 0:00:09]} Nf6 {[%emt 0:00:30]} 5. Nc3 {[%emt 0:00:06]} a6 {[%emt 0:00:26]} 6. a4 {[%emt 0:01:49]} O-O {[%emt 0:00:32]} 7. O-O {[%emt 0:00:06]} Nc6 {[%emt 0:02:07]} 8. d5 {[%emt 0:05:03]} Na7 {[%emt 0:01:12]} 9. h3 {[%emt 0:01:46]} Bd7 {[%emt 0:00:24]} 10. e5 {[%emt 0:03:48]} dxe5 {[%emt 0:03:44]} 11. Nxe5 {[%emt 0:00:04]} Be8 {[%emt 0:00:36]} 12. Bf4 {[%emt 0:06:52]} c6 {[%emt 0:10:27]} 13. Bf3 {[%emt 0:01:01]} cxd5 {[%emt 0:00:21]} 14. Nxd5 {[%emt 0:00:31]} Nxd5 {[%emt 0:00:49]} 15. Bxd5 {[%emt 0:00:41]} Nc6 {[%emt 0:00:43]} 16. Re1 {[%emt 0:01:57]} e6 {[%emt 0:04:21]} 17. Bxc6 {[%emt 0:03:46]} Bxc6 {[%emt 0:01:44]} 18. Nxc6 {[%emt 0:02:49]} bxc6 {[%emt 0:00:04]} 19. Qxd8 {[%emt 0:02:11]} Rfxd8 {[%emt 0:00:09]} 20. Be5 {[%emt 0:00:06]} Rd2 {[%emt 0:04:12]} 21. Bxg7 {[%emt 0:02:01]} Kxg7 {[%emt 0:00:05]} 22. Rac1 {[%emt 0:00:05]} Rb8 {[%emt 0:24:22]} 23. b3 {[%emt 0:00:12]} Rb4 {[%emt 0:03:51]} 24. Re3 {[%emt 0:01:48]} Rf4 {[%emt 0:00:57]} 25. f3 {[%emt 0:01:16]} Rf5 {[%emt 0:00:00]} 26. Rd3 {[%emt 0:17:46]} Rd5 {[%emt 0:01:43]} 27. Kh2 {[%emt 0:00:25]} Kf6 {[%emt 0:03:51]} 28. Rc3 {[%emt 0:01:44]} Rg5 {[%emt 0:03:05]} 29. Rg1 {[%emt 0:00:08]} c5 {[%emt 0:00:10]} 30. h4 {[%emt 0:01:13]} Re5 {[%emt 0:01:05]} 31. Kg3 {[%emt 0:01:00]} h5 {[%emt 0:01:03]} 32. Rc4 {[%emt 0:07:09]} Ke7 {[%emt 0:01:24]} 33. Kf4 {[%emt 0:01:04]} Kd6 {[%emt 0:02:41]} 34. g4 {[%emt 0:02:30]} hxg4 {[%emt 0:03:51]} 35. fxg4 {[%emt 0:00:08]} Ree2 {[%emt 0:02:26]} 36. Kg5 {[%emt 0:12:33]} Rf2 {[%emt 0:15:21]} 37. Rh1 {[%emt 0:01:08]} Rd5+ {[%emt 0:00:54]} 38. Kh6 {[%emt 0:00:08]} Ke7 {[%emt 0:00:11]} 39. Kg7 {[%emt 0:01:06]} Rg2 {[%emt 0:01:20]} 40. Rf1 {[%emt 0:01:16]} f5 {[%emt 0:00:24]} 41. g5 {[%emt 0:00:50]} e5 {[%emt 0:00:06]} 42. Kxg6 {[%emt 0:00:11]} f4 {[%emt 0:00:10]} 43. Re4 {[%emt 0:00:09]} Kd6 {[%emt 0:01:11]} 44. h5 {[%emt 0:01:46]} Rd4 {[%emt 0:01:45]} 45. Rxd4+ {[%emt 0:00:06]} cxd4 {[%emt 0:00:02]} 46. h6 {[%emt 0:00:18]} Rxc2 {[%emt 0:00:39]} 47. h7 {[%emt 0:00:06]} Rh2 {[%emt 0:00:47]} 48. Kg7 {[%emt 0:00:08]} Ke6 {[%emt 0:00:40]} 49. b4 {[%emt 0:02:07]} d3 {[%emt 0:00:46]} 50. b5 {[%emt 0:00:06]} axb5 {[%emt 0:00:03]} 51. axb5 {[%emt 0:00:04]} Kd6 {[%emt 0:01:39]} 52. h8=Q {[%emt 0:00:22]} Rxh8 {[%emt 0:00:03]} 53. Kxh8 {[%emt 0:00:02]} e4 {[%emt 0:00:13]} 54. b6 {[%emt 0:02:09]} e3 {[%emt 0:02:12]} 55. Rb1 {[%emt 0:00:12]} 1-0

[Event "1st Gujarat GM Open 2018"]
[Site "Ahmedabad"]
[Date "2018.10.08"]
[Round "5"]
[White "Mahindrakar Indrajeet"]
[Black "Saurabh Anand"]
[Result "0-1"]
[WhiteElo "2107"]
[BlackElo "2303"]
[Annotator "NA"]
[PlyCount "74"]
[EventDate "2018.10.05"]
[EventType "swiss"]
[EventCountry "IND"]
[SourceTitle "playchess.com"]
[Source "ChessBase"]
[SourceQuality "1"]
[TimeControl "5400+30"]

1. e4 {[%emt 0:00:00]} e5 {[%emt 0:00:00]} 2. Nf3 {[%emt 0:00:12]} Nc6 {[%emt 0:00:00]} 3. Bb5 {[%emt 0:00:30]} a6 {[%emt 0:00:09]} 4. Ba4 {[%emt 0:00:12]} Nf6 {[%emt 0:00:09]} 5. O-O {[%emt 0:00:40]} Be7 {[%emt 0:00:09]} 6. Bxc6 {[%emt 0:00:48]} dxc6 {[%emt 0:00:09]} 7. Qe1 {[%emt 0:00:23]} Nd7 {[%emt 0:00:36]} 8. b3 {[%emt 0:01:18]} O-O {[%emt 0:01:50]} 9. Bb2 {[%emt 0:00:33]} f6 {[%emt 0:00:47]} 10. d4 {[%emt 0:01:53]} exd4 {[%emt 0:06:03]} 11. Nxd4 {[%emt 0:00:37]} Ne5 {[%emt 0:03:58]} 12. Nd2 {[%emt 0:10:12]} Bd6 {[%emt 0:06:22]} 13. Kh1 {[%emt 0:09:01]} Re8 {[%emt 0:04:10]} 14. f4 {[%emt 0:10:57]} Ng6 {[%emt 0:02:04]} 15. Qg3 {[%emt 0:01:27]} c5 {[%emt 0:05:50]} 16. Nf5 {[%emt 0:04:27]} Bxf5 {[%emt 0:13:14]} 17. exf5 {[%emt 0:00:40]} Ne7 {[%emt 0:00:36]} 18. Qf3 {[%emt 0:06:16]} Qd7 {[%emt 0:04:06]} 19. Qxb7 {[%emt 0:08:19]} Nc6 {[%emt 0:02:24]} 20. Nc4 {[%emt 0:38:23]} Ra7 {[%emt 0:00:42]} 21. Nb6 {[%emt 0:02:40]} cxb6 {[%emt 0:00:32]} 22. Qxd7 {[%emt 0:00:12]} Rxd7 {[%emt 0:00:05]} 23. Rf2 {[%emt 0:00:27]} Rde7 {[%emt 0:00:31]} 24. g4 {[%emt 0:00:17]} Re2 {[%emt 0:01:07]} 25. Raf1 {[%emt 0:00:17]} Nd4 {[%emt 0:02:01]} 26. Bxd4 {[%emt 0:00:53]} cxd4 {[%emt 0:00:08]} 27. Kg2 {[%emt 0:00:06]} Bc5 {[%emt 0:01:35]} 28. b4 {[%emt 0:01:08]} Bxb4 {[%emt 0:00:14]} 29. Rd1 {[%emt 0:00:20]} Bc5 {[%emt 0:01:12]} 30. Rd3 {[%emt 0:00:11]} Rxf2+ {[%emt 0:00:26]} 31. Kxf2 {[%emt 0:00:02]} Re4 {[%emt 0:00:09]} 32. h3 {[%emt 0:01:08]} Rxf4+ {[%emt 0:00:15]} 33. Kg2 {[%emt 0:00:29]} Re4 {[%emt 0:00:22]} 34. Rd2 {[%emt 0:00:10]} Re3 {[%emt 0:00:22]} 35. h4 {[%emt 0:00:18]} Ra3 {[%emt 0:00:19]} 36. Re2 {[%emt 0:00:19]} Rxa2 {[%emt 0:00:11]} 37. Kf3 {[%emt 0:00:08]} d3 {[%emt 0:00:14]} 0-1

[Event "1st Gujarat GM Open 2018"]
[Site "Ahmedabad"]
[Date "2018.10.08"]
[Round "5"]
[White "Subhayan Kundu"]
[Black "Aaryan Varshney"]
[Result "1-0"]
[WhiteElo "2093"]
[BlackElo "2286"]
[Annotator "TA"]
[PlyCount "77"]
[EventDate "2018.10.05"]
[EventType "swiss"]
[EventCountry "IND"]
[SourceTitle "playchess.com"]
[Source "ChessBase"]
[SourceQuality "1"]

{[%evp 12,76,15,22,33,26,36,41,37,33,29,25,32,38,37,20,47,19,26,14,36,-12,65,52,110,105,111,108,112,110,107,104,119,110,135,135,210,152,238,229,241,227,390,382,802,807,854,827,1084,1090,29983,29984,1976,1845,1632,1260,1280,1262,29984,29981,29991,29992,29997,29998,29998,29999,29999]} 1. e4 {Sagar Shah/Amruta Mokal} c5 2. Nf3 d6 3. d4 cxd4 4. Nxd4 Nf6 5. Nc3 a6 6. h3 e6 7. g4 {[%cal Bg2g4,Bg4g5][%mdl 32]} Be7 {B81: Sicilian Scheveningen: Keres Attack} 8. g5 Nfd7 9. Be3 b5 {White is slightly better.} 10. a3 Bb7 11. h4 Nc6 12. Rg1 Nc5 13. f3 {[#]} Qc7 $146 ({Predecessor:} 13... O-O 14. Qd2 Rb8 15. h5 {½-½ (51) Ding,L (2783)-Vidit,S (2692) Khanty-Mansiysk 2017 CBM 179 [Sagar Shah/Amruta Mokal]}) 14. Nxc6 Bxc6 15. Qd4 O-O 16. O-O-O Rfd8 (16... Rad8 $11) 17. h5 $1 $14 d5 (17... e5 $14 18. Qd2 {[#]} d5 $1 {[%mdl 512]} 19. exd5 Bxd5) 18. exd5 $16 exd5 19. Bh3 {aiming for h6.} Ne6 20. Bxe6 $1 $40 {[%mdl 128] White attacks with force.} fxe6 21. Bf4 Bd6 22. Bxd6 Qxd6 23. Rde1 {h6 is the strong threat.} Rd7 (23... Be8 $16) 24. Re5 Rf8 (24... b4 $16 {was necessary.}) 25. Rge1 $18 Re7 26. h6 Rff7 $2 (26... Qd7 {keeps fighting.} 27. Rxe6 Rff7 28. Rxe7 Rxe7 29. Rxe7 Qxe7) 27. hxg7 Rxg7 $2 {[#]} (27... Re8 28. Ne4 Qxe5 29. Qxe5 dxe4 30. fxe4 Rxg7) 28. Ne4 $1 {[%mdl 512]} Qd8 (28... dxe4 29. Qxd6) 29. Nf6+ Kf7 30. Qf4 d4 31. Nxh7+ Kg8 32. Nf6+ Kf7 33. Nd5+ Kg8 34. Nxe7+ Rxe7 35. Rxe6 {White mates.} Rf7 36. Qe5 Bd7 37. Rg6+ Kh7 38. Rh6+ Kg8 39. Rh8# {Precision: White = 88%, Black = 36%.} 1-0

[Event "1st Gujarat GM Open 2018"]
[Site "Ahmedabad"]
[Date "2018.10.08"]
[Round "5"]
[White "Saranya, J."]
[Black "Ahmed, Sk. Nasir"]
[Result "0-1"]
[WhiteElo "2071"]
[BlackElo "2234"]
[Annotator "TA"]
[PlyCount "52"]
[EventDate "2018.10.05"]
[EventType "swiss"]
[EventCountry "IND"]
[SourceTitle "playchess.com"]
[Source "ChessBase"]
[SourceQuality "1"]

{[%evp 9,52,0,0,1,13,0,0,0,0,-1,-13,-15,-2,-51,-51,-52,0,0,0,0,0,-7,-10,-1,0,-39,-37,-35,-29,-43,-20,-22,-15,-14,-15,-15,-15,-26,-14,-6,0,-545,-552,-668,-647]} 1. e4 c5 2. Nf3 e6 3. g3 Nc6 4. Bg2 Nf6 5. Qe2 (5. d3 d6 6. O-O Be7 7. c3 O-O 8. Nbd2 {½-½ (8) Morozevich,A (2656)-Chigaev,M (2593) Cheliabinsk 2018}) 5... d5 6. exd5 {B40: Sicilian: 2...e6, Unusual lines} Nxd5 7. O-O Be7 8. c3 {The position is equal.} O-O 9. Rd1 Bf6 10. d4 cxd4 11. Nxd4 $146 (11. cxd4 {with more complications.} b6 12. Ne5 Bb7 13. Nc3 Bxe5 14. dxe5 Nxc3 15. bxc3 Qe7 16. Rd6) 11... Nxd4 12. cxd4 Qb6 ({Black should play} 12... b6 $15) 13. Nc3 $11 Bxd4 14. Nxd5 exd5 15. Be3 Bxe3 16. Qxe3 Qxb2 17. Rab1 Qxa2 18. Bxd5 Qa4 19. Rd4 Qe8 20. Re4 Qd8 21. Rd1 {[#] Hoping for Bxf7+.} Kh8 22. Bb3 Qa5 23. Re7 Bg4 24. f3 Bh3 25. Bxf7 $2 {[%mdl 8192] [#]} (25. g4 $11 {and White is okay.}) 25... Rxf7 $1 $19 {[%mdl 512]} 26. Rxf7 Qa2 {Precision: White = 55%, Black = 75%.} 0-1

[Event "1st Gujarat GM Open 2018"]
[Site "Ahmedabad"]
[Date "2018.10.08"]
[Round "5"]
[White "Shahil Dey"]
[Black "Raahul V S"]
[Result "0-1"]
[WhiteElo "2063"]
[BlackElo "2294"]
[Annotator "TA"]
[PlyCount "43"]
[EventDate "2018.10.05"]
[EventType "swiss"]
[EventCountry "IND"]
[SourceTitle "playchess.com"]
[Source "ChessBase"]
[SourceQuality "1"]

{[%evp 22,43,35,41,44,-84,47,-37,-39,-36,-45,-44,-35,-35,854,31,1229,-2172,-31,-2520,-1322,-2772,-2832,-29994]} 1. e4 e5 2. Nf3 Nc6 3. d4 exd4 4. Nxd4 Nf6 {[%cal Bg8f6,Bf6d5,Bd5b6][%mdl 32]} 5. Nxc6 bxc6 6. e5 Qe7 7. Qe2 Nd5 8. c4 Nb6 9. Nc3 Qe6 10. Qe4 g6 {C45: Scotch Game} 11. Bf4 Bg7 12. O-O-O {LiveBook: 7 Games} O-O $146 {White is slightly better.} ({Predecessor:} 12... Bb7 13. h4 O-O-O 14. c5 Nd5 15. Nxd5 cxd5 16. Qa4 a6 17. Rh3 Rhe8 18. Ra3 {½-½ (41) Nepomniachtchi,I (2723)-Onischuk,A (2667) Poikovsky 2013}) 13. Bd3 (13. c5 $14 {stays ahead.} Nd5 14. Nxd5 cxd5 15. Qxd5 Qxd5 16. Rxd5) 13... f6 (13... Rb8 $17) 14. exf6 (14. c5 $14 fxe5 15. Be3) 14... Qxf6 $15 15. Bxc7 d5 16. cxd5 cxd5 17. Qb4 Qf5 $2 {[%mdl 8192] [#]} (17... Qg5+ $15 18. f4 Qxg2) 18. f4 $2 (18. Bxf5 $18 Bxf5 19. Bxb6 axb6 20. Rxd5) 18... Qxf4+ $2 {[%mdl 8192]} (18... Qg4 $14) 19. Kb1 $4 {[%mdl 8192]} (19. Bxf4 $18 d4 20. Bc4+ Nxc4 21. Qxc4+ Kh8 22. Rxd4) 19... Qg4 $2 (19... Qxb4 $19 20. a3 Qc5) 20. Bb5 $2 {[%mdl 8192]} (20. Qxg4 $15 Bxg4 21. Rde1) 20... Bf5+ 21. Ka1 Qxb4 22. Ba6 {Precision: White = 17%, Black = 10%.} 0-1

[Event "1st Gujarat GM Open 2018"]
[Site "Ahmedabad"]
[Date "2018.10.08"]
[Round "5"]
[White "Nikhil Magizhnan"]
[Black "Siva Mahadevan"]
[Result "0-1"]
[WhiteElo "2056"]
[BlackElo "2341"]
[Annotator "TA"]
[PlyCount "74"]
[EventDate "2018.10.05"]
[EventType "swiss"]
[EventCountry "IND"]
[SourceTitle "playchess.com"]
[Source "ChessBase"]
[SourceQuality "1"]

{[%evp 23,74,-11,0,-18,-12,-11,0,0,0,0,0,-4,22,16,36,27,36,34,65,-4,41,-84,-84,-81,-79,-88,-91,-89,-69,-55,-43,-128,-136,-156,-168,-179,-166,-376,-369,-358,-354,-1182,-1135,-898,-861,-4914,-4898,-29991,-29992,-29992,-29993,-29993,-29994]} 1. e4 c5 2. Nf3 d6 3. d4 cxd4 4. Nxd4 Nf6 5. Nc3 a6 6. Be2 e5 7. Nb3 Be7 8. Be3 Be6 9. O-O O-O 10. f4 exf4 11. Bxf4 Nc6 12. Kh1 Rc8 13. Nd4 {B92: Sicilian Najdorf: 6 Be2} (13. Qd2 Re8 14. Rad1 Ne5 15. Nd4 Qb6 16. Na4 Qc7 17. Nc3 Qb6 18. Na4 Qa7 19. Nc3 b5 20. a3 Nc4 21. Bxc4 Bxc4 {0-1 (46) Massoni,M (2360)-Areshchenko,A (2656) Grosseto Prugna 2015}) 13... Nxd4 14. Qxd4 Qa5 15. Bxd6 {The position is equal.} Rfd8 16. Qe5 Qxe5 17. Bxe5 Bc4 $146 {next ...Bxe2 is good for Black.} ({Predecessor:} 17... Ng4 18. Nd5 Bc5 19. Bxg4 Bxg4 20. h3 Be6 {½-½ (50) Schuh,G-Cutillas Ripoll,P ICCF corr 1990}) 18. Rfe1 Rd2 19. Rad1 Rxd1 20. Bxd1 b5 {[%cal Bb7b5,Bb5b4][%mdl 32]} 21. Be2 (21. a3 $14) 21... Nd7 22. Bg4 (22. Bd4 $14 {stays ahead.}) 22... Be6 $36 {[%mdl 2048] Black is on the roll.} 23. Bxe6 fxe6 24. Bf4 b4 25. Na4 e5 26. Bg3 Rxc2 27. h3 {[#]} (27. Kg1 $1 $15) 27... Kf7 $1 28. Rd1 Ke6 29. Rd5 Bd6 30. Ra5 $2 (30. Bh4 {is a better defense.}) 30... Nf6 $19 31. Rxa6 Nxe4 32. Kh2 $2 (32. Bh2 Rc1+ 33. Bg1) 32... Nxg3 33. Kxg3 e4+ {[%cal Be5e4,Be4e3,Be3e2][%mdl 32]} 34. Kh4 e3 {[#] ( -> ...e2)} 35. Ra8 e2 {Black mates.} 36. Re8+ Be7+ 37. Rxe7+ Kxe7 {Precision: White = 26%, Black = 55%.} 0-1